<?xml version="1.0" encoding="UTF-8"?><?xml-stylesheet type="text/xsl" href="static/style.xsl"?><OAI-PMH xmlns="http://www.openarchives.org/OAI/2.0/" xmlns:xsi="http://www.w3.org/2001/XMLSchema-instance" xsi:schemaLocation="http://www.openarchives.org/OAI/2.0/ http://www.openarchives.org/OAI/2.0/OAI-PMH.xsd"><responseDate>2026-06-01T06:02:46Z</responseDate><request verb="GetRecord" identifier="oai:riuma.uma.es:10630/14865" metadataPrefix="marc">https://riuma.uma.es/rest/oai/request</request><GetRecord><record><header><identifier>oai:riuma.uma.es:10630/14865</identifier><datestamp>2026-02-03T12:08:19Z</datestamp><setSpec>com_10630_2254</setSpec><setSpec>col_10630_37959</setSpec></header><metadata><record xmlns="http://www.loc.gov/MARC21/slim" xmlns:dcterms="http://purl.org/dc/terms/" xmlns:doc="http://www.lyncode.com/xoai" xmlns:xsi="http://www.w3.org/2001/XMLSchema-instance" xsi:schemaLocation="http://www.loc.gov/MARC21/slim http://www.loc.gov/standards/marcxml/schema/MARC21slim.xsd">
   <leader>00925njm 22002777a 4500</leader>
   <datafield ind2=" " ind1=" " tag="042">
      <subfield code="a">dc</subfield>
   </datafield>
   <datafield ind2=" " ind1=" " tag="720">
      <subfield code="a">Vélez-Rodríguez, Luis Andrés</subfield>
      <subfield code="e">author</subfield>
   </datafield>
   <datafield ind2=" " ind1=" " tag="260">
      <subfield code="c">2017-12-12</subfield>
   </datafield>
   <datafield ind2=" " ind1=" " tag="520">
      <subfield code="a">La presentación atiende a un enfoque descriptivo - analítico que brinda un panorama general acerca de la tendencia de emplear la legislación penal para atender un espectro cada vez más amplio de problemas sociales. A través de una exposición sobre esta situación en Colombia, el autor presenta los avances de un estudio que enseña como esta tendencia expansiva del uso del derecho penal como mecanismo de intervención sobre cada vez más realidades sociales, no sólo contraviene principios fundamentales de una política criminal consecuente con el modelo del estado social y democrático de derecho, sino que genera también unos efectos indeseados sobre el sistema de justicia penal y sin lograr sus fines declarados.</subfield>
   </datafield>
   <datafield ind1="8" ind2=" " tag="024">
      <subfield code="a">https://hdl.handle.net/10630/14865</subfield>
   </datafield>
   <datafield tag="653" ind2=" " ind1=" ">
      <subfield code="a">Derecho penal - Colombia</subfield>
   </datafield>
   <datafield ind2="0" ind1="0" tag="245">
      <subfield code="a">Las reformas a la ley penal en Colombia (2001-2016): sobrecriminalización y efectos de sobrecarga</subfield>
   </datafield>
</record>
</metadata></record></GetRecord></OAI-PMH>